El Médico a palos

שמור ב:
מידע ביבליוגרפי
מחבר ראשי: Molière, Jean-Baptiste (autor)
פורמט: ספר
שפה:ספרדית
יצא לאור: Madrid Edaf 1995
סדרה:Biblioteca Edaf, 132
נושאים:
תגים: הוספת תג
אין תגיות, היה/י הראשונ/ה לתייג את הרשומה!

MARC

LEADER 00000nam a2200000 a 4500
001 UCH6086
003 CL-VaPUC
008 091109e19950000SP |||||||||||||||||spa|d
020 |a 847166657X 
082 0 4 |a 842  |b MOL  |2 21 
100 |a Molière, Jean-Baptiste  |e autor  |9 339603 
245 1 3 |a El Médico a palos 
246 1 4 |a Las Mujeres sabihondas 
246 1 3 |a El Enfermo imaginario 
300 |a 296 p 
942 |c BK 
945 |d 20091109 00:00:00  |a ccalabra 
260 |a Madrid  |b Edaf  |c 1995 
650 0 |a Literatura  |9 259151 
650 0 |a Literatura francesa  |9 266330 
650 0 |a Drama francés  |9 313202 
650 7 |a DRAMATURGOS FRANCESES  |2 CL-VaPUC  |9 345333 
650 0 |a Teatro francés  |9 265089 
650 0 |a Ficción   |9 376687 
650 0 |a Lectura  |9 307634 
651 0 |a Francia  |9 255157 
583 |a last modification  |c 20150603 12:09:57  |k Rodrigo Vera 
490 0 |a Biblioteca Edaf, 132 
999 |c 337046  |d 337044